000 00876nam a22002057a 4500
999 _c5965
_d5965
005 20251210091620.0
008 251210b ||||| |||| 00| 0 eng d
020 _a9780670015740
040 _cKH8
082 _a 338.4 NEW
100 _aNewquist,HP
_eAUTHOR
245 _aTHE BOOK OF CHOCOLATE
260 _a375 Hudson Street,New York,New York 10014
_bViking,an imprint of Penguin Random House LLC
_c2017
300 _a155 pages
_bpicture illustration
_c20 cm x 26 cm
521 _aThe entire town of Hershey, Pennsylvania was built by Milton Hershey to support his chocolate factory. Its streetlights are shaped like chocolate Kisses. The first men to climb to the top of Mount Everest buried a chocolate bar there as an offering to the gods of the mountain.
650 _aChocolate
650 _aChocolate History
655 _aJuvenile Literature
942 _2ddc
_cNFIC